000 01113nam a2200229Ia 4500
003 OSt
005 20210413131001.0
008 210310s1964 eu gr 000 0 eng d
040 _aCO-JMCR
_cCO-JMCR
041 0 _aeng
082 0 4 _a336.2 /
_bC748r
_223
111 2 _aA conference report of the National Bureau of Economic Research and the Brookings Institution
_936768
245 1 4 _aThe role of direct and indirect taxes in the federal renueve system /
_cA conference report of the National Bureau of Economic Research and the Brookings Institution
260 _aEstados Unidos :
_bResearch understading Public service,
_c1964
300 _bxii, 321 páginas ;
_c23 cm.
500 _aIncluye notas a pie de página.
505 0 _aTaxation, resourse allocation, and welfare -- Allocation aspects, domestic and international -- Equity, administration and compliance, and intergovernmental fiscal aspects -- Comparison of european and united states tax structures and growth implication
650 1 4 _aImpuesto
_936769
650 2 4 _aDerecho fiscal
_914788
650 1 4 _aZonas francas
_913739
942 _2ddc
_cBK
999 _c7561
_d7561